Fifa 2022 World Cup results - Statistics

General Stats
  • This quiz has been taken 50 times
  • The average score is 28 of 32
Answer Stats
Hint Answer % Correct
Quarter-finals Netherlands
95%
Quarter-finals Portugal
95%
Winner Argentina
93%
Final France
93%
3rd Croatia
91%
Round of 16 Japan
91%
4th Morocco
91%
Round of 16 South korea
91%
Round of 16 Spain
91%
Quarter-finals Brazil
88%
Group Stage Canada
88%
Quarter-finals England
88%
Group Stage Iran
88%
Group Stage Mexico
88%
Round of 16 Poland
88%
Group Stage Qatar
88%
Group Stage Saudi-Arabia
88%
Round of 16 Senegal
88%
Round of 16 Australia
86%
Group Stage Belgium
86%
Group Stage Germany
86%
Group Stage Serbia
86%
Group Stage Costa Rica
84%
Group Stage Ghana
84%
Group Stage Uruguay
84%
Round of 16 USA
84%
Group Stage Wales
84%
Group Stage Denmark
81%
Round of 16 Switzerland
79%
Group Stage Tunisia
79%
Group Stage Cameroon
77%
Group Stage Ecuador
77%
No matching quizzes found
Score Distribution
Percent of People with Each Score
Percentile by Number Answered
Your Score History
You have not taken this quiz